| 000 | 00695nam a2200169 a 4500 | ||
|---|---|---|---|
| 008 | 081120s1978 ||||||||||||||||| || u | ||
| 050 | _aGOV.ZAM(02)1978/2 | ||
| 100 | _aMumpanshya, J. C | ||
| 245 | 1 | 0 |
_aReport of the Commission of Inquiry into the Affairs of Zambia Railways _cChaired by J. C. Mumpanshya |
| 260 |
_aLusaka _bGovernment Printer _c1978 |
||
| 300 | _a65p. | ||
| 350 | _a0.00 | ||
| 650 | _aZAMBIA RAILWAYS--CORRUPTION | ||
| 650 | _aZAMBIA RAILWAYS--TRIBALISM | ||
| 710 | _aGovernment of the Republic of Zambia (GRZ) | ||
| 995 |
_D0.00 _FCBU-MAIN LIBRARY (Kitwe) _H1 _I0.00 _M1 _UAVAILABLE _WNov 20, 2008 _ZZambiana Collection |
||
| 999 |
_c56114 _d56114 |
||